00357ntaaa2200145 45000030003000000050017000030080021000200400037000410820017000781000021000952450034001162500038001503000011001886500012001990120251027201914.00714s1973 ag 01  aAR-BaBNbspacAR-BaBNeaacrdRIC a244.1000 St8 aStretton, Hesba  aCarlota y la madre de Carlota a1 ed. : bEditorial Moody, cn.f. a128 p. aNiños